Major Moons and Satellites in the Solar System - Statistics

General Stats
  • This quiz has been taken 1,657 times
  • The average score is 13 of 22
Answer Stats
Hint Answer % Correct
Earth Moon (Luna)
100%
Jupiter Io
92%
Saturn Titan
91%
Jupiter Europa
88%
Jupiter Ganymede
87%
Mars Phobos
83%
Mars Deimos
77%
Jupiter Callisto
76%
Pluto Charon
69%
Neptune Triton
69%
Uranus Titania
55%
Uranus Oberon
50%
Saturn Rhea
49%
Saturn Enceladus
45%
Uranus Miranda
41%
Uranus Ariel
40%
Saturn Iapetus
37%
Uranus Umbriel
37%
Saturn Mimas
36%
Saturn Tethys
34%
Saturn Dione
33%
Neptune Nereid
21%
No matching quizzes found
Score Distribution
Percent of People with Each Score
Percentile by Number Answered
Your Score History
You have not taken this quiz